|
|
|
|
| LEADER |
00000naa2a2200000 4500 |
| 001 |
419775 |
| 005 |
20231101073317.0 |
| 035 |
|
|
|a (RuTPU)RU\TPU\prd\77233
|
| 035 |
|
|
|a RU\TPU\prd\14721
|
| 090 |
|
|
|a 419775
|
| 100 |
|
|
|a 20100226a2003 k y0rusy50 ca
|
| 101 |
0 |
|
|a rus
|
| 102 |
|
|
|a RU
|
| 200 |
1 |
|
|a Еще раз о ядрах и атомах
|f В. П. Захарова
|
| 225 |
1 |
|
|a Физика элементарных частиц и теория поля
|
| 320 |
|
|
|a Библиогр.: 11 назв.
|
| 461 |
|
1 |
|0 (RuTPU)RU\TPU\prd\191
|x 0021-3411
|t Известия вузов. Физика
|f Министерство общего и профессионального образования Российской Федерации ; Томский Госуниверситет
|d 1958-
|
| 463 |
|
1 |
|0 (RuTPU)RU\TPU\prd\77232
|t Т. 46, № 1
|v с. 5-8
|d 2003
|
| 610 |
1 |
|
|a ядра
|
| 610 |
1 |
|
|a атомы
|
| 610 |
1 |
|
|a равновесная форма
|
| 610 |
1 |
|
|a электронные оболочки
|
| 610 |
1 |
|
|a структура
|
| 610 |
1 |
|
|a физика атомного ядра
|
| 610 |
1 |
|
|a периодическая система элементов
|
| 610 |
1 |
|
|a изотопический сдвиг
|
| 675 |
|
|
|a 539.14
|v 3
|
| 700 |
|
1 |
|a Захарова
|b В. П.
|
| 801 |
|
1 |
|a RU
|b 63413507
|c 20030603
|g PSBO
|
| 801 |
|
2 |
|a RU
|b 63413507
|c 20101028
|g RCR
|
| 942 |
|
|
|c BK
|